Isole Minori Esterne degli Stati Uniti d'America - Statistics

Statistiche generali
  • Questo quiz è stato fatto 17 volte
  • Il punteggio medio è 5 su 9
Statistiche sulle risposte
Locazione Territorio % Corretto
Oceania - N. Pacifico Atollo di Midway
86%
Oceania - N. Pacifico Isola di Wake
71%
Oceania - C. Pacifico Atollo di Palmyra
57%
Oceania - N. Pacifico Atollo Johnston
57%
Oceania - C. Pacifico Isola Baker
57%
N. America - Mare Caraibico Isola di Navassa
57%
Oceania - C. Pacifico Isola Howland
57%
Oceania - C. Pacifico Jarvis
57%
Oceania - C. Pacifico Kingman Reef
43%
Nessun quiz corrispondente trovato
Distribuzione punteggi
Percentuale di utenti per punteggio
Percentile per numero di risposta
I tuoi punteggi nel tempo
Non hai fatto questo quiz